| 000 | 01714cad a22002295a 4500 | ||
|---|---|---|---|
| 001 | L138531 | ||
| 008 | 070618s2007 xxk f f000 0 eng d | ||
| 035 | _a(Sirsi) u138531 | ||
| 041 | 0 | _aeng | |
| 050 | 0 | 4 | _a333.72 $2 18 |
| 110 | 2 |
_aUnited Kingdom _bDepartment for Environment, Food and Rural Affairs |
|
| 245 | 0 | 0 |
_aGuidance note for regional assemblies on best practice for embedding sustainable development in their existing core functions _h[electronic resource] |
| 260 |
_aLondon _bDEFRA _c2007 |
||
| 520 | _aIdentifies sustainable development as the overarching framework providing the background to regional assembly operations. It affects housing development, public transport schemes, job environments, green infrastructure, fuel poverty reduction strategies and innovative technologies. It also provides a catalyst for communication with other bodies at local, regional and national level, and for raising the profile of the assembly itself. It should lead by example by advocating policy, partnership and coordination function. Assemblies should gather data across agencies, coordinate policy objectives, promote behavioural change and manage growth implications, and help strengthen contributions from Regional Economic Strategies and Regional Development Agencies. | ||
| 590 | _aKA | ||
| 651 | 4 |
_aUnited Kingdom _y |
|
| 690 | _aENVIRONMENTAL AND LAND CONSULTANCY-SUSTAINABILITY-SUSTAINABLE DEVELOPMENT | ||
| 710 | 2 |
_aUnited Kingdom _bDepartment for Communities and Local Government _94939 |
|
| 710 | 1 | _aEnglish Regions Network | |
| 856 | 4 | 0 |
_uhttps://www.sustainable-development.gov.uk/advice/regional.htm _zView the article free of charge at www.sustainable-development.gov.uk... |
| 942 | _n0 | ||
| 999 |
_c107197 _d107197 |
||